[Event "Catalunya-chT"]
[Site "Spain"]
[Date "1999.??.??"]
[Round "2"]
[White "Rodriguez Sorribes, Jordi A"]
[Black "Medina Garcia, Antonio Angel"]
[Result "1-0"]
[WhiteElo "2255"]
[BlackElo "2425"]
[PlyCount "71"]
[EventDate "1999.??.??"]
[EventType "team"]
[EventRounds "9"]
[EventCountry "ESP"]
[SourceTitle "EXT 2000"]
[Source "ChessBase"]
[SourceDate "1999.11.16"]
[SourceVersion "1"]
[SourceVersionDate "1999.11.16"]
[SourceQuality "1"]

1. e4 e5 2. Nf3 Nc6 3. Bb5 a6 4. Ba4 d6 5. h3 Bd7 6. c3 g6 7. d4 Bg7 8. 0-0 Nf6 9. Re1 0-0 10. Bg5 h6 11. Bh4 Re8 12. Nbd2 Qe7 13. Nf1 b5 14. Bc2 Na5 15. Ne3 c6 16. dxe5 dxe5 17. Nxe5 Qxe5 18. Bxf6 Bxf6 19. Qxd7 Red8 20. Qg4 h5 21. Qe2 Rab8 22. Rad1 Qe6 23. a3 Nc4 24. Nxc4 bxc4 25. Bb1 Rb5 26. Rxd8+ Bxd8 27. Ba2 Rc5 28. Rd1 Bc7 29. h4 Qe7 30. Bxc4 Re5 31. Qf3 Rxe4 32. Bxf7+ Kg7 33. g3 Re2 34. b4 Bb6 35. Rf1 a5 36. Qxc6 1-0

[Event "ESP-chT"]
[Site "Salamanca"]
[Date "1998.??.??"]
[Round "4"]
[White "Medina Garcia, Antonio Angel"]
[Black "Garcia Padron, Jose"]
[Result "0-1"]
[WhiteElo "2370"]
[BlackElo "2460"]
[PlyCount "138"]
[EventDate "1998.09.05"]
[EventType "team"]
[EventRounds "9"]
[EventCountry "ESP"]
[SourceTitle "EXT 1999"]
[Source "ChessBase"]
[SourceDate "1998.11.16"]
[SourceVersion "1"]
[SourceVersionDate "1998.11.16"]
[SourceQuality "1"]

1. e4 c5 2. Nc3 Nc6 3. g3 g6 4. Bg2 Bg7 5. d3 d6 6. f4 e5 7. Nh3 Nge7 8. 0-0 exf4 9. Bxf4 0-0 10. Qd2 Nd4 11. Rf2 Nec6 12. Bh6 Ne5 13. Bxg7 Kxg7 14. Nf4 Ng4 15. Rff1 Qa5 16. Rae1 h6 17. h3 Ne5 18. Qf2 Qb6 19. Nfd5 Qd8 20. Nf6 Ndf3+ 21. Bxf3 Qxf6 22. Bg2 Qxf2+ 23. Rxf2 Be6 24. Rd1 a6 25. d4 cxd4 26. Rxd4 Rfd8 27. Bf1 Rac8 28. Kg2 Kf8 29. Rfd2 Rc6 30. Rb4 Rd7 31. Nd5 Bxd5 32. exd5 Rc5 33. a4 Ke7 34. c3 Kd8 35. Be2 f5 36. g4 Rcc7 37. gxf5 gxf5 38. Rh4 Rg7+ 39. Kf2 Rg6 40. Bh5 Rg5 41. Be2 Rh7 42. Rdd4 a5 43. Rd1 Ng6 44. Rc4 Ne5 45. Rh4 Ke7 46. b4 b6 47. bxa5 bxa5 48. Rb1 Kf6 49. Rb6 Nf7 50. Bh5 Ke5 51. Bxf7 Rxf7 52. Rxh6 Rfg7 53. Ke3 f4+ 54. Kd3 Rg3+ 55. Kd2 Rg2+ 56. Kd3 R7g3+ 57. Kc4 Rg6 58. Rxg6 Rxg6 59. Rb8 f3 60. Rf8 Ke4 61. Re8+ Kf4 62. Kd3 Rg1 63. Rf8+ Kg3 64. Rg8+ Kf2 65. Rd8 Kg2 66. Rg8+ Kf1 67. Rf8 f2 68. c4 Rg3+ 69. Kd2 Kg1 0-1

[Event "ESP-chT"]
[Site "Salamanca"]
[Date "1998.??.??"]
[Round "6"]
[White "Medina Garcia, Antonio Angel"]
[Black "Oms Pallisse, Josep"]
[Result "0-1"]
[WhiteElo "2370"]
[BlackElo "2440"]
[PlyCount "100"]
[EventDate "1998.09.05"]
[EventType "team"]
[EventRounds "9"]
[EventCountry "ESP"]
[SourceTitle "EXT 1999"]
[Source "ChessBase"]
[SourceDate "1998.11.16"]
[SourceVersion "1"]
[SourceVersionDate "1998.11.16"]
[SourceQuality "1"]

1. e4 c6 2. d4 d5 3. exd5 cxd5 4. Bd3 Nc6 5. c3 Qc7 6. Nf3 Bg4 7. 0-0 e6 8. h3 Bh5 9. Be3 Nf6 10. Nbd2 Bd6 11. Rc1 0-0 12. Qc2 Bg6 13. Bxg6 hxg6 14. Rfe1 Rfc8 15. Ng5 Ne7 16. Ndf3 b5 17. Qe2 Qc4 18. Ne5 Bxe5 19. dxe5 Nd7 20. Bd4 Qxe2 21. Rxe2 Nc6 22. Rd1 a5 23. Rd3 Rc7 24. g4 b4 25. f4 Nxd4 26. cxd4 Rac8 27. a3 Nb8 28. axb4 axb4 29. Rf2 Rc2 30. Nf3 R2c4 31. Ng5 Rc1+ 32. Kg2 R8c6 33. Rb3 R1c4 34. Rd3 Ra6 35. f5 gxf5 36. gxf5 exf5 37. Rxf5 Rg6 38. Rg3 Nc6 39. Rf2 Nd8 40. Nf3 Rgc6 41. Nh4 Rc2 42. Nf5 Rxf2+ 43. Kxf2 Rc2+ 44. Ke3 Ne6 45. Ne7+ Kf8 46. Nxd5 Rxb2 47. Rg1 Rb3+ 48. Ke4 Rxh3 49. Rc1 g6 50. Ra1 b3 0-1

[Event "ESP-chT"]
[Site "Salamanca"]
[Date "1998.??.??"]
[Round "2"]
[White "Narciso Dublan, Marc"]
[Black "Medina Garcia, Antonio Angel"]
[Result "0-1"]
[WhiteElo "2460"]
[BlackElo "2370"]
[PlyCount "57"]
[EventDate "1998.09.05"]
[EventType "team"]
[EventRounds "9"]
[EventCountry "ESP"]
[SourceTitle "EXT 1999"]
[Source "ChessBase"]
[SourceDate "1998.11.16"]
[SourceVersion "1"]
[SourceVersionDate "1998.11.16"]
[SourceQuality "1"]

1. c4 e6 2. Nf3 Nf6 3. g3 d5 4. Bg2 Be7 5. 0-0 0-0 6. b3 b6 7. Bb2 Bb7 8. e3 c5 9. Qe2 Nc6 10. d3 Qc7 11. Nbd2 Rad8 12. a3 a5 13. Rfc1 Rfe8 14. cxd5 Nxd5 15. d4 Qb8 16. dxc5 Bxc5 17. Nc4 e5 18. Rd1 f6 19. Ng5 Nce7 20. Ne6 Rc8 21. Qg4 g6 22. e4 f5 23. Qg5 fxe4 24. Bxe5 Qa7 25. Nxc5 Rxc5 26. Bd4 Rc6 27. Bxe4 Re6 28. Bg2 Nf5 29. Be3 0-1

[Event "ESP-chT"]
[Site "Salamanca"]
[Date "1998.??.??"]
[Round "5"]
[White "Vallejo Pons, Francisco"]
[Black "Medina Garcia, Antonio Angel"]
[Result "1-0"]
[WhiteElo "2450"]
[BlackElo "2370"]
[PlyCount "69"]
[EventDate "1998.09.05"]
[EventType "team"]
[EventRounds "9"]
[EventCountry "ESP"]
[SourceTitle "EXT 1999"]
[Source "ChessBase"]
[SourceDate "1998.11.16"]
[SourceVersion "1"]
[SourceVersionDate "1998.11.16"]
[SourceQuality "1"]

1. e4 e5 2. Nf3 Nc6 3. Nc3 Nf6 4. g3 Bc5 5. Bg2 d6 6. d3 a6 7. Be3 Bg4 8. h3 Bxf3 9. Qxf3 Nd4 10. Qd1 c6 11. 0-0 Qe7 12. Ne2 Nxe2+ 13. Qxe2 0-0-0 14. c4 h5 15. Rab1 Kb8 16. b4 Bxe3 17. fxe3 h4 18. g4 Rd7 19. a4 Nh7 20. Qa2 b6 21. d4 Ka8 22. a5 b5 23. d5 Rc8 24. dxc6 Rxc6 25. cxb5 axb5 26. Qd5 Rdc7 27. Rbc1 Qd7 28. Rxf7 Qxf7 29. Rxc6 Qxd5 30. exd5 Rd7 31. Ra6+ Kb7 32. Rb6+ Ka7 33. Bf1 Ng5 34. Bxb5 Rf7 35. Bc6 1-0

[Event "Catalunya-chT"]
[Site "Spain"]
[Date "1997.??.??"]
[Round "8"]
[White "Medina Garcia, Antonio Angel"]
[Black "Ferron Garcia, Carlos"]
[Result "1-0"]
[WhiteElo "2330"]
[BlackElo "2210"]
[PlyCount "126"]
[EventDate "1997.??.??"]
[EventType "team"]
[EventRounds "9"]
[EventCountry "ESP"]
[SourceTitle "EXT 2002"]
[Source "ChessBase"]
[SourceDate "2001.11.25"]
[SourceVersion "1"]
[SourceVersionDate "2001.11.25"]
[SourceQuality "1"]

1. e4 e5 2. Nf3 Nc6 3. Bb5 f5 4. Nc3 fxe4 5. Nxe4 d5 6. Nxe5 dxe4 7. Nxc6 Qg5 8. Qe2 Nf6 9. f4 Qxf4 10. Ne5+ c6 11. d4 Qh4+ 12. g3 Qh3 13. Bc4 Be6 14. Bf4 Bd6 15. 0-0-0 0-0 16. Rhf1 Rae8 17. Rde1 Nd5 18. Bb3 Nxf4 19. gxf4 Bxb3 20. axb3 g6 21. Qxe4 Qxh2 22. f5 Bxe5 23. dxe5 Rxf5 24. Rxf5 gxf5 25. Qxf5 Qh6+ 26. Kb1 Qe6 27. Qg5+ Kh8 28. Rf1 Qe7 29. Qh5 Rf8 30. Rh1 Qf7 31. Qh6 Re8 32. Qe3 a6 33. Qe4 Re6 34. Rg1 Qe7 35. Qd4 Qc7 36. Rg5 Qe7 37. Rg3 c5 38. Qd5 Rg6 39. Rc3 b6 40. Rd3 a5 41. Qe4 Qe8 42. Rd5 Qf7 43. Ka2 Re6 44. c4 Re8 45. Rd6 Qe7 46. Rh6 Qg7 47. Rh5 Qf7 48. Rf5 Qe7 49. e6 Qg7 50. Qf4 a4 51. bxa4 Ra8 52. Kb3 Qe7 53. Qe4 Qa7 54. Qc6 Qa5 55. Kc2 Rd8 56. Rd5 Rf8 57. Rd2 Qb4 58. Qb5 Qxb5 59. cxb5 Kg8 60. Rd6 Rb8 61. Kd3 Kg7 62. Ke4 Kf6 63. Rd7 h5 1-0

[Event "Catalunya-chT"]
[Site "Spain"]
[Date "1997.??.??"]
[Round "2"]
[White "Medina Garcia, Antonio Angel"]
[Black "Monclus Domingo, Angel"]
[Result "1-0"]
[WhiteElo "2330"]
[BlackElo "2210"]
[PlyCount "63"]
[EventDate "1997.??.??"]
[EventType "team"]
[EventRounds "9"]
[EventCountry "ESP"]
[SourceTitle "EXT 2002"]
[Source "ChessBase"]
[SourceDate "2001.11.25"]
[SourceVersion "1"]
[SourceVersionDate "2001.11.25"]
[SourceQuality "1"]

1. e4 e6 2. d4 d5 3. Nd2 c5 4. Ngf3 cxd4 5. exd5 Qxd5 6. Bc4 Qd6 7. 0-0 Nf6 8. Nb3 Nc6 9. Nbxd4 Nxd4 10. Qxd4 Qxd4 11. Nxd4 Bd7 12. Bf4 Rc8 13. Bb3 Bc5 14. Nf3 Bc6 15. Ne5 Be4 16. Rfe1 Ke7 17. Bg5 Bf5 18. g4 Bg6 19. Rad1 Bd6 20. f4 Rhd8 21. f5 Bxe5 22. Rxd8 Rxd8 23. Rxe5 Kd6 24. Bf4 exf5 25. gxf5 Bh5 26. Re3+ Kc5 27. Rc3+ Kb4 28. a3+ Kb5 29. Bc4+ Ka4 30. Bb3+ Kb5 31. a4+ Ka6 32. Bc4+ 1-0

[Event "Catalunya-chT"]
[Site "Spain"]
[Date "1997.??.??"]
[Round "9"]
[White "Torrecillas Martinez, Antonio"]
[Black "Medina Garcia, Antonio Angel"]
[Result "0-1"]
[WhiteElo "2360"]
[BlackElo "2330"]
[PlyCount "72"]
[EventDate "1997.??.??"]
[EventType "team"]
[EventRounds "9"]
[EventCountry "ESP"]
[SourceTitle "EXT 2002"]
[Source "ChessBase"]
[SourceDate "2001.11.25"]
[SourceVersion "1"]
[SourceVersionDate "2001.11.25"]
[SourceQuality "1"]

1. d4 Nf6 2. c4 e6 3. Nc3 d5 4. Bg5 Be7 5. cxd5 exd5 6. e3 c6 7. Bd3 Nbd7 8. Nf3 Nf8 9. Qc2 Ne6 10. Bh4 g6 11. h3 Ng7 12. g4 Be6 13. 0-0-0 0-0 14. Ne5 Nd7 15. Bxe7 Qxe7 16. f4 f5 17. Rdg1 Nxe5 18. dxe5 Rad8 19. h4 fxg4 20. h5 g5 21. Bxh7+ Kh8 22. Ne2 Nf5 23. Bxf5 Bxf5 24. Qc3 c5 25. Rf1 d4 26. exd4 cxd4 27. Qd2 Rc8+ 28. Kd1 Rc2 29. Qxc2 Bxc2+ 30. Kxc2 Qh7+ 31. Kd2 d3 32. fxg5 Rxf1 33. Rxf1 dxe2 34. Rf6 Qe4 35. Ke1 g3 36. h6 g2 0-1

[Event "Catalunya-chT"]
[Site "Catalunya"]
[Date "1996.??.??"]
[Round "?"]
[White "Fernandez Cazorla, Antonio"]
[Black "Medina Garcia, Antonio Angel"]
[Result "1-0"]
[WhiteElo "2280"]
[BlackElo "2360"]
[PlyCount "74"]
[EventDate "1996.??.??"]
[EventType "team"]
[EventRounds "9"]
[EventCountry "ESP"]
[SourceTitle "EXT 1999"]
[Source "ChessBase"]
[SourceDate "1998.11.16"]
[SourceVersion "1"]
[SourceVersionDate "1998.11.16"]
[SourceQuality "1"]

1. e4 e5 2. Nf3 Nc6 3. Bb5 a6 4. Ba4 d6 5. c3 Bd7 6. 0-0 Nge7 7. Bb3 Ng6 8. d4 Be7 9. Be3 0-0 10. Nbd2 Bf6 11. d5 Nb8 12. a4 Be7 13. Bc2 h6 14. Ne1 Qc8 15. a5 f5 16. f3 f4 17. Bf2 Bh4 18. b4 Qd8 19. c4 Qg5 20. Bxh4 Nxh4 21. Bd3 Qe7 22. Qe2 Be8 23. Rc1 c5 24. bxc5 dxc5 25. Rb1 Qc7 26. Nb3 Nd7 27. Bc2 Rf6 28. Nd3 Rc8 29. Qf2 g5 30. Rb2 b5 31. axb6 Rxb6 32. Ra2 Qd6 33. Rfa1 h5 34. Ra5 Rcb8 35. Nbxc5 Nxc5 36. Qxc5 Qf6 37. Qf2 g4 1-0

[Event "Catalunya-chT"]
[Site "Catalunya"]
[Date "1996.??.??"]
[Round "?"]
[White "Jose Abril, Ramon"]
[Black "Medina Garcia, Antonio Angel"]
[Result "1/2-1/2"]
[WhiteElo "2315"]
[BlackElo "2360"]
[PlyCount "64"]
[EventDate "1996.??.??"]
[EventType "team"]
[EventRounds "9"]
[EventCountry "ESP"]
[SourceTitle "EXT 1999"]
[Source "ChessBase"]
[SourceDate "1998.11.16"]
[SourceVersion "1"]
[SourceVersionDate "1998.11.16"]
[SourceQuality "1"]

1. d4 Nf6 2. c4 e6 3. Nc3 d5 4. cxd5 exd5 5. Bg5 Be7 6. Qc2 Nbd7 7. e3 c6 8. Bd3 0-0 9. Nf3 Re8 10. 0-0 h6 11. Bf4 Nf8 12. h3 Be6 13. Rab1 Bd6 14. Bxd6 Qxd6 15. b4 N8d7 16. b5 c5 17. dxc5 Nxc5 18. Rfd1 Rac8 19. Rbc1 Qe7 20. Qb2 Nfe4 21. Bf1 Qf6 22. Qa3 Nxc3 23. Rxc3 Ne4 24. Rxc8 Rxc8 25. Bd3 Bxh3 26. Qxa7 Bf5 27. Nd4 Nc3 28. Bxf5 Nxd1 29. Bxc8 Qxf2+ 30. Kh2 Nxe3 31. Bh3 Nf1+ 32. Kh1 Ng3+ 1/2-1/2

[Event "Catalunya-chT"]
[Site "Catalunya"]
[Date "1996.??.??"]
[Round "?"]
[White "Torrecillas Martinez, Antonio"]
[Black "Medina Garcia, Antonio Angel"]
[Result "1-0"]
[WhiteElo "2345"]
[BlackElo "2360"]
[PlyCount "51"]
[EventDate "1996.??.??"]
[EventType "team"]
[EventRounds "9"]
[EventCountry "ESP"]
[SourceTitle "EXT 1999"]
[Source "ChessBase"]
[SourceDate "1998.11.16"]
[SourceVersion "1"]
[SourceVersionDate "1998.11.16"]
[SourceQuality "1"]

1. d4 Nf6 2. c4 e6 3. Nf3 Bb4+ 4. Nc3 b6 5. e3 Bb7 6. Bd3 0-0 7. 0-0 d5 8. a3 dxc4 9. Bxc4 Bd6 10. Qe2 Nbd7 11. e4 e5 12. Bg5 h6 13. Bh4 c6 14. dxe5 Nxe5 15. Nxe5 Bxe5 16. f4 Bxc3 17. bxc3 b5 18. Bd3 Qb6+ 19. Kh1 Nd7 20. e5 Rfe8 21. Rae1 a6 22. Qg4 Bc8 23. e6 Nf8 24. exf7+ Kxf7 25. Qh5+ g6 26. Bxg6+ 1-0

[Event "Cordoba op"]
[Site "Cordoba"]
[Date "1991.??.??"]
[Round "?"]
[White "Medina Garcia, Antonio Angel"]
[Black "Izeta Txabarri, Felix"]
[Result "0-1"]
[WhiteElo "2370"]
[BlackElo "2380"]
[PlyCount "54"]
[EventDate "1991.??.??"]
[EventType "swiss"]
[EventRounds "9"]
[EventCountry "ESP"]
[SourceTitle "EXT 1997"]
[Source "ChessBase"]
[SourceDate "1996.11.15"]
[SourceVersion "1"]
[SourceVersionDate "1996.11.15"]
[SourceQuality "1"]

1. e4 e5 2. Nf3 Nc6 3. Bb5 a6 4. Ba4 Nf6 5. 0-0 Bc5 6. Nxe5 Nxe5 7. d4 Nxe4 8. Qe2 Be7 9. Qxe4 Ng6 10. f4 0-0 11. f5 d5 12. Qd3 Nh4 13. c3 Bg5 14. Nd2 g6 15. fxg6 hxg6 16. Nf3 Bxc1 17. Raxc1 Bf5 18. Qd2 Bg4 19. Ne1 Qe7 20. Bc2 Kg7 21. Qf4 g5 22. Qg3 Ng6 23. Nf3 f6 24. h4 Bxf3 25. Qxf3 Nxh4 26. Qd3 Rh8 27. g3 Qf7 0-1

[Event "ESP-ch 48th"]
[Site "Las Palmas"]
[Date "1983.07.26"]
[Round "14"]
[White "Medina Garcia, Antonio Angel"]
[Black "Fernandez Garcia, Jose Luis"]
[Result "0-1"]
[WhiteElo "2361"]
[BlackElo "2450"]
[PlyCount "44"]
[EventDate "1983.07.12"]
[EventType "tourn"]
[EventRounds "15"]
[EventCountry "ESP"]
[EventCategory "2"]
[SourceTitle "EXT 2021"]
[Source "ChessBase"]
[SourceDate "2020.10.23"]
[SourceVersion "1"]
[SourceVersionDate "2020.10.23"]
[SourceQuality "1"]

1. e4 Nf6 2. e5 Nd5 3. d4 d6 4. Nf3 Bg4 5. Be2 c6 6. Ng5 Bf5 7. Bd3 Bxd3 8. Qxd3 dxe5 9. dxe5 e6 10. 0-0 Nd7 11. Re1 h6 12. Nf3 Qc7 13. Qe2 0-0-0 14. c4 Ne7 15. Bd2 g5 16. h4 g4 17. Nh2 Ng6 18. Nxg4 h5 19. Nh2 Ndxe5 20. Bc3 Rg8 21. g3 Nd3 22. Rd1 Ngf4 0-1

[Event "ESP-ch 48th"]
[Site "Las Palmas"]
[Date "1983.07.22"]
[Round "10"]
[White "Medina Garcia, Antonio Angel"]
[Black "Menvielle Laccourreye, Augusto"]
[Result "1/2-1/2"]
[WhiteElo "2361"]
[BlackElo "2240"]
[PlyCount "82"]
[EventDate "1983.07.12"]
[EventType "tourn"]
[EventRounds "15"]
[EventCountry "ESP"]
[EventCategory "2"]
[SourceTitle "EXT 2021"]
[Source "ChessBase"]
[SourceDate "2020.10.23"]
[SourceVersion "1"]
[SourceVersionDate "2020.10.23"]
[SourceQuality "1"]

1. e4 c5 2. Nf3 e6 3. d4 cxd4 4. Nxd4 Nf6 5. Nc3 d6 6. Be2 a6 7. f4 Qc7 8. Bf3 Nc6 9. a4 Be7 10. Be3 Na5 11. 0-0 Nc4 12. Bc1 Qb6 13. Qd3 Ne5 14. fxe5 dxe5 15. Be3 exd4 16. Qxd4 Qc7 17. Kh1 e5 18. Qb6 Qxb6 19. Bxb6 Be6 20. Rad1 Nd7 21. Be3 Rc8 22. Rf2 Bc5 23. Bxc5 Rxc5 24. Rfd2 Ke7 25. Nd5+ Bxd5 26. Rxd5 Rxd5 27. Rxd5 f6 28. a5 Rc8 29. Bg4 Rc7 30. Bxd7 Rxd7 31. c4 Rc7 32. b3 Rc6 33. Kg1 b6 34. Kf2 bxa5 35. Rxa5 Rb6 36. Ke2 Rxb3 37. Rxa6 Rb2+ 38. Kf3 Rb3+ 39. Kf2 Rb2+ 40. Kf3 Rb3+ 41. Ke2 Rb2+ 1/2-1/2

[Event "ESP-ch 48th"]
[Site "Las Palmas"]
[Date "1983.07.19"]
[Round "8"]
[White "Medina Garcia, Antonio Angel"]
[Black "Cuadras Avellana, Jordi"]
[Result "1/2-1/2"]
[WhiteElo "2361"]
[BlackElo "2200"]
[PlyCount "71"]
[EventDate "1983.07.12"]
[EventType "tourn"]
[EventRounds "15"]
[EventCountry "ESP"]
[EventCategory "2"]
[SourceTitle "EXT 2021"]
[Source "ChessBase"]
[SourceDate "2020.10.23"]
[SourceVersion "1"]
[SourceVersionDate "2020.10.23"]
[SourceQuality "1"]

1. e4 c5 2. Nf3 e6 3. Nc3 Nc6 4. d4 cxd4 5. Nxd4 d6 6. Be2 Nf6 7. 0-0 Be7 8. Be3 0-0 9. f4 e5 10. fxe5 dxe5 11. Nf5 Bxf5 12. Rxf5 Qxd1+ 13. Rxd1 g6 14. Rff1 Nd4 15. Bd3 Ng4 16. Nd5 Nxe3 17. Nxe3 Bg5 18. Nd5 h5 19. g3 h4 20. Kg2 Kg7 21. c3 Ne6 22. a4 Rac8 23. Bc2 hxg3 24. hxg3 Nd4 25. Bb1 Nb3 26. Rf2 Na5 27. Nb4 Rcd8 28. Rxd8 Rxd8 29. Ba2 Rd7 30. Bd5 Be3 31. Rf1 Bb6 32. Nd3 f5 33. Nxe5 Re7 34. Nf3 fxe4 35. Ng5 Re5 36. Ne6+ 1/2-1/2

[Event "ESP-ch 48th"]
[Site "Las Palmas"]
[Date "1983.07.17"]
[Round "6"]
[White "Medina Garcia, Antonio Angel"]
[Black "Gomez Esteban, Juan Mario"]
[Result "0-1"]
[WhiteElo "2361"]
[BlackElo "2430"]
[PlyCount "80"]
[EventDate "1983.07.12"]
[EventType "tourn"]
[EventRounds "15"]
[EventCountry "ESP"]
[EventCategory "2"]
[SourceTitle "EXT 2021"]
[Source "ChessBase"]
[SourceDate "2020.10.23"]
[SourceVersion "1"]
[SourceVersionDate "2020.10.23"]
[SourceQuality "1"]

1. e4 e5 2. Nf3 Nc6 3. Bb5 a6 4. Ba4 Nf6 5. 0-0 Be7 6. Re1 b5 7. Bb3 d6 8. c3 0-0 9. d4 Bg4 10. Be3 exd4 11. cxd4 Na5 12. Bc2 c5 13. dxc5 dxc5 14. Nbd2 Nc6 15. h3 Bh5 16. Rc1 c4 17. g4 Bg6 18. Bb1 Nd7 19. Nh2 Rc8 20. f4 f6 21. Ndf3 Nc5 22. f5 Bf7 23. Qe2 Qc7 24. Qg2 Nb4 25. g5 Nbd3 26. g6 Be8 27. Qg4 Nxe1 28. Rxe1 Nd3 29. Bxd3 cxd3 30. Kh1 Bc5 31. Qh5 hxg6 32. fxg6 Bxg6 33. Qxg6 Bxe3 34. Rxe3 Qc1+ 35. Re1 d2 36. Rg1 Rc7 37. Nxd2 Qxd2 38. Ng4 Qf4 39. e5 Qf3+ 40. Kh2 Qf4+ 0-1

[Event "Costa del Sol-23"]
[Site "Torremolinos"]
[Date "1983.02.12"]
[Round "9"]
[White "Roos, Daniel"]
[Black "Medina Garcia, Antonio Angel"]
[Result "1-0"]
[WhiteElo "2415"]
[BlackElo "2365"]
[PlyCount "85"]
[EventDate "1983.02.03"]
[EventType "tourn"]
[EventRounds "9"]
[EventCountry "ESP"]
[EventCategory "7"]
[SourceTitle "MCD"]
[Source "ChessBase"]
[SourceDate "1999.07.01"]
[SourceVersion "1"]
[SourceVersionDate "1999.07.01"]
[SourceQuality "1"]

1. e4 e5 2. Nf3 Nc6 3. Bc4 Nf6 4. d3 Bc5 5. 0-0 d6 6. c3 0-0 7. Nbd2 a6 8. Bb3 Ba7 9. Re1 Be6 10. Nf1 h6 11. Be3 Re8 12. Bxa7 Rxa7 13. Bxe6 Rxe6 14. Ng3 Ra8 15. d4 Re8 16. Qb3 Rb8 17. Rad1 Qe7 18. Qa3 g6 19. d5 Nd8 20. c4 Nd7 21. b4 Rf8 22. c5 f5 23. Rc1 f4 24. Nf1 Nf6 25. Qa5 Nf7 26. cxd6 cxd6 27. N1d2 Rfc8 28. Qb6 Qd7 29. Nc4 Kg7 30. Nfd2 Rc7 31. Na5 Rbc8 32. Rxc7 Rxc7 33. Ndc4 g5 34. a4 Ne8 35. b5 axb5 36. Qxb5 Qc8 37. Nb6 Qd8 38. Nac4 Rc5 39. Qb4 Qc7 40. a5 g4 41. Rc1 Nf6 42. Na4 Nxd5 43. Nxc5 1-0

[Event "Costa del Sol-23"]
[Site "Torremolinos"]
[Date "1983.02.09"]
[Round "6"]
[White "Bellon Lopez, Juan Manuel"]
[Black "Medina Garcia, Antonio Angel"]
[Result "1-0"]
[WhiteElo "2425"]
[BlackElo "2365"]
[PlyCount "81"]
[EventDate "1983.02.03"]
[EventType "tourn"]
[EventRounds "9"]
[EventCountry "ESP"]
[EventCategory "7"]
[SourceTitle "MCD"]
[Source "ChessBase"]
[SourceDate "1999.07.01"]
[SourceVersion "1"]
[SourceVersionDate "1999.07.01"]
[SourceQuality "1"]

1. d4 Nf6 2. Nf3 d5 3. c4 e6 4. Nc3 Be7 5. Bg5 h6 6. Bh4 0-0 7. Rc1 c6 8. e3 Nbd7 9. Bd3 dxc4 10. Bxc4 b5 11. Bd3 a6 12. Bxf6 Bxf6 13. Ne4 Be7 14. 0-0 Bb7 15. a3 Qb6 16. Bb1 Rac8 17. b4 a5 18. Qd3 Rfd8 19. Nc5 Nf8 20. Ne5 Qc7 21. f4 axb4 22. axb4 Bxc5 23. Rxc5 Rd5 24. Rc2 Rdd8 25. Rfc1 Qd6 26. Rc5 Ra8 27. Qc3 Rdc8 28. Be4 Nd7 29. Nxd7 Qxd7 30. f5 Re8 31. fxe6 Qxe6 32. Re5 Qd6 33. Rxe8+ Rxe8 34. Bxc6 Bxc6 35. Qxc6 Qxc6 36. Rxc6 Rxe3 37. d5 Rb3 38. d6 Kh7 39. Kf2 Rxb4 40. Ke3 Rb1 41. Kd2 1-0

[Event "Costa del Sol-23"]
[Site "Torremolinos"]
[Date "1983.02.07"]
[Round "5"]
[White "Medina Garcia, Antonio Angel"]
[Black "Tatai, Stefano"]
[Result "1/2-1/2"]
[WhiteElo "2365"]
[BlackElo "2435"]
[PlyCount "32"]
[EventDate "1983.02.03"]
[EventType "tourn"]
[EventRounds "9"]
[EventCountry "ESP"]
[EventCategory "7"]
[SourceTitle "MCD"]
[Source "ChessBase"]
[SourceDate "1999.07.01"]
[SourceVersion "1"]
[SourceVersionDate "1999.07.01"]
[SourceQuality "1"]

1. e4 c5 2. Nf3 d6 3. d4 cxd4 4. Nxd4 Nf6 5. Nc3 a6 6. g3 e5 7. Nde2 Be7 8. Bg2 Nbd7 9. a4 b6 10. 0-0 Bb7 11. Be3 0-0 12. Nd5 Nxd5 13. exd5 Qc7 14. c4 Rae8 15. Rc1 Bc8 16. b4 a5 1/2-1/2